BIBLIOTHÈQUE DE LA MAISON DU MEXIQUE

Logo 1 Logo 2

Indice de documentos relativos a los pueblos del estado de Puebla (notice nᵒ 6280)

détails MARC
000 -Sello discográfico
campo de control de longitud fija 01084nam a2200289 4500
005 - Identificación de versión
campo de control 20251016084625.0
099 ## - fechas locales
Tipo de ítem Koha LIBRO
100 ## - Datos de procesamiento general
Datos de procesamiento general 20221206d1979 m y1spay5003 ba
105 ## - Campo de datos codificados: Material textual, monográfico
Datos codificados de monografía y 001zy
200 1# - Título y mención de responsabilidad
Título propio Indice de documentos relativos a los pueblos del estado de Puebla
Designación general del material texto impreso
Otra información del título ramo de tierras del Archivo General de la Nación
Primer mención de responsabilidad Recopilación Enrique Méndez Martínez
210 ## - Publicación, distribución, etc.
Lugar de publicación, distribución, etc. México
Nombre del editor, distribuidor, etc. Instituto Nacional de Antropología e Historia
Fecha de publicación, distribución, etc. 1979
215 ## - Descripción física
Designación de material específico y extensión del ítem s.p.
Dimensiones 27 cm
300 ## - Notas generales
Texto de la nota Incluye índice analítico
345 ## - Nota de información de adquisición
Fuente de adquisición/dirección de la suscripción [OBSOLETO] Donación Alain Musset
410 #1 - Series
Título Colección Científica
Nombre de parte o sección Fuentes
-- Etnohistoria
Número de volumen 70
606 ## - Término temático usado como materia
Elemento de entrada Tierra
Subdivisión temática Tenencia, Derecho de
Subdivisión geográfica Puebla (México)
Número Koha 11951
607 ## - Nombre geográfico utilizado como tema
Elemento de entrada Puebla (México)
Subdivisión temática Historia
-- Fuentes
Número Koha 3827
660 ## - Código de área geográfica
Código MX
702 ## - Nombre personal - Responsabilidad secundaria
Elemento de entrada Méndez Martínez
Parte del nombre distinta del elemento de entrada Enrique Ismael
Número Koha 11952
801 #0 - Fuente de origen
País FR
Agencia cm
Reglas de catalogación (convenciones descriptivas) AFNOR
900 ## -
-- 1/21854
900 ## -
-- 7100417642\080104
942 ## - ELEMENTOS DE ENTRADA SECUNDARIOS (KOHA)
Tipo de ítem Koha Livre
996 ## -
-- MEX
-- 751145101
-- MMAG
-- 007186
-- 301.5 I59 V.70
-- 20221206LIV
Exemplaires
Estatus retirado Estado de daño Estado de pérdida Fecha de adquisición Biblioteca de origen Biblioteca actual Ubicación en estantería Código de barras Precio de reemplazo Signatura topográfica completa No para préstamo Tipo de ítem Koha Nota pública Nota no pública
      05/08/2025 Casa México Paris Casa México Paris   007186 05/08/2025 301.5 I59 V.70   Livre 20221206LIV 751145101